00401nam a2200133Ia 4500003000400000008004100004040001600045082002100061100003900082245005000121490004500171650003200216650001900248GCL140319s9999 xx 000 0 ara d aGCL / cGCL04aطb028.5bد س1 aداليا محمد ابراهيم10aمتى / cداليا محمد ابراهيم aسلسلة لكل سؤال جوابv004aدوائر المعارف04aالاطفال